Die Masken des Begehrens und die Metamorphosen der Sinnlichkeit: zur Geschichte der Sexualität im Abendland
| Contributors: | ; |
|---|---|
| Format: | Print Book |
| Language: | German |
| Published: |
Frankfurt am Main
Fischer
1984
|
| In: | Year: 1984 |
| Online Access: |
Table of Contents Table of Contents Table of Contents |
| Availability in Tübingen: | Present in Tübingen. IFK: E I 38 |
| Check availability: | HBZ Gateway |
| Subito Delivery Service: | Order now. |
| Keywords: |
MARC
| LEADER | 00000cam a2200000 c 4500 | ||
|---|---|---|---|
| 001 | 015330745 | ||
| 003 | DE-627 | ||
| 005 | 20260206151715.0 | ||
| 007 | tu | ||
| 008 | 840903s1984 gw ||||| 00| ||ger c | ||
| 015 | |a 84,A31,0114 |2 dnb | ||
| 016 | 7 | |a 840740646 |2 DE-101 | |
| 020 | |a 3100009029 |9 3-10-000902-9 | ||
| 035 | |a (DE-627)015330745 | ||
| 035 | |a (DE-603)220703418 | ||
| 035 | |a (DE-576)009254927 | ||
| 035 | |a (DE-599)GBV015330745 | ||
| 035 | |a (OCoLC)603597766 | ||
| 035 | |a (DE-604)8021712719 | ||
| 040 | |a DE-627 |b ger |c DE-627 |e rakwb | ||
| 041 | |a ger |h fre | ||
| 044 | |c XA-DE |c XA-DE-HE | ||
| 084 | |a Mbm |2 asb | ||
| 084 | |a Mcl 1 |2 asb | ||
| 084 | |a Eds |2 asb | ||
| 084 | |a Gcr 3 |2 asb | ||
| 084 | |a 11 |a 64 |2 sdnb | ||
| 084 | |a 1 |2 ssgn | ||
| 084 | |a NW 7000 |2 rvk |0 (DE-625)rvk/132289: | ||
| 084 | |a CR 6000 |2 rvk |0 (DE-625)rvk/19034: | ||
| 084 | |a NW 8100 |2 rvk |0 (DE-625)rvk/132305: | ||
| 084 | |a MS 2850 |2 rvk |0 (DE-625)rvk/123647: | ||
| 084 | |2 rvk |0 (DE-625)rvk17661 | ||
| 084 | |a MS 2900 |2 rvk |0 (DE-625)rvk/123650: | ||
| 084 | |a 73.44 |2 bkl | ||
| 084 | |a 77.85 |2 bkl | ||
| 245 | 0 | 4 | |a Die Masken des Begehrens und die Metamorphosen der Sinnlichkeit |b zur Geschichte der Sexualität im Abendland |c hrsg. von Philippe Ariès und André Béjin. Aus dem Französischem übersetzt von Michael Bischoff. Philippe Ariès, André Béjin, Michel Foucault u.a. |
| 264 | 1 | |a Frankfurt am Main |b Fischer |c 1984 | |
| 300 | |a 272 S. |b graph. Darst. |c 8° | ||
| 336 | |a Text |b txt |2 rdacontent | ||
| 337 | |a ohne Hilfsmittel zu benutzen |b n |2 rdamedia | ||
| 338 | |a Band |b nc |2 rdacarrier | ||
| 583 | 1 | |a Massenentsäuert |c 2010 |k DE-18 |2 pdager |5 DE-18-64 | |
| 583 | 1 | |a Archivierung/Langzeitarchivierung gewährleistet |f SSG |x XA-DE-BW |2 pdager |5 DE-21 | |
| 583 | 1 | |a Archivierung/Langzeitarchivierung gewährleistet |c 2024 |f SLG |2 pdager |5 DE-289 | |
| 648 | 7 | |a Geschichte |2 gnd | |
| 650 | 0 | 7 | |0 (DE-588)4116485-4 |0 (DE-627)105806315 |0 (DE-576)209501987 |a Sexualverhalten |2 gnd |
| 655 | 7 | |a Aufsatzsammlung |0 (DE-588)4143413-4 |0 (DE-627)105605727 |0 (DE-576)209726091 |2 gnd-content | |
| 689 | 0 | 0 | |d s |0 (DE-588)4116485-4 |0 (DE-627)105806315 |0 (DE-576)209501987 |a Sexualverhalten |2 gnd |
| 689 | 0 | 1 | |a z |2 gnd |a Geschichte |
| 689 | 0 | |5 DE-101 | |
| 689 | 1 | 0 | |d s |0 (DE-588)4116485-4 |0 (DE-627)105806315 |0 (DE-576)209501987 |a Sexualverhalten |2 gnd |
| 689 | 1 | 1 | |a z |2 gnd |a Geschichte |
| 689 | 1 | |5 (DE-627) | |
| 689 | 2 | 0 | |d s |0 (DE-588)4116485-4 |0 (DE-627)105806315 |0 (DE-576)209501987 |a Sexualverhalten |2 gnd |
| 689 | 2 | 1 | |d s |0 (DE-588)4125698-0 |0 (DE-627)104470348 |0 (DE-576)209578750 |a Kultur |2 gnd |
| 689 | 2 | 2 | |a z |2 gnd |a Geschichte |
| 689 | 2 | |5 (DE-627) | |
| 689 | 3 | 0 | |d g |0 (DE-588)4015701-5 |0 (DE-627)104289007 |0 (DE-576)208913092 |a Europa |2 gnd |
| 689 | 3 | 1 | |d s |0 (DE-588)4116485-4 |0 (DE-627)105806315 |0 (DE-576)209501987 |a Sexualverhalten |2 gnd |
| 689 | 3 | 2 | |a z |2 gnd |a Geschichte |
| 689 | 3 | |5 (DE-627) | |
| 689 | 4 | 0 | |d s |0 (DE-588)4054682-2 |0 (DE-627)106161601 |0 (DE-576)209110023 |a Sexualethik |2 gnd |
| 689 | 4 | 1 | |a z |2 gnd |a Geschichte |
| 689 | 4 | |5 (DE-627) | |
| 700 | 1 | |a Ariès, Philippe |d 1914-1984 |e HerausgeberIn |0 (DE-588)118906739 |0 (DE-627)079683339 |0 (DE-576)160099595 |4 edt | |
| 700 | 1 | |a Béjin, André |d 1947- |e HerausgeberIn |0 (DE-588)1022524437 |0 (DE-627)71699643X |0 (DE-576)362327289 |4 edt | |
| 730 | 0 | 2 | |a Sexualités occidentales <dt.> |
| 856 | 4 | 2 | |u https://swbplus.bsz-bw.de/bsz009254927inh.htm |m B:DE-576;DE-16 |q application/pdf |v 20091001195032 |x Verlag |3 Inhaltsverzeichnis |7 1 |
| 856 | 4 | 2 | |u http://www.dandelon.com/intelligentSEARCH.nsf/alldocs/4579D5099096C974C1256D2E0049713E/$File/000000484319.PDF?OpenElement =M AGI =N AGI =Q pdf/application |3 Inhaltsverzeichnis |7 1 |
| 856 | 4 | 2 | |u http://scans.hebis.de/HEBCGI/show.pl?22070341_toc.pdf |m V:DE-576;B:DE-16 |q application/pdf |3 Inhaltsverzeichnis |7 1 |
| 889 | |w (DE-627)026386305 | ||
| 935 | |a mteo | ||
| 935 | |i mdedup | ||
| 935 | |i Blocktest | ||
| 936 | r | v | |a NW 7000 |b Allgemeines |k Geschichte |k Wirtschafts- und Sozialgeschichte |k Spezielle Sozialgeschichte |k Allgemeines |0 (DE-627)1271496356 |0 (DE-625)rvk/132289: |0 (DE-576)201496356 |
| 936 | r | v | |a CR 6000 |b Sexualität, geschlechtsspezifische Differenzen |k Psychologie |k Differentielle Psychologie (Persönlichkeitspsychologie) |k Sexualität, geschlechtsspezifische Differenzen |0 (DE-627)1271443783 |0 (DE-625)rvk/19034: |0 (DE-576)201443783 |
| 936 | r | v | |a NW 8100 |b Frauen |k Geschichte |k Wirtschafts- und Sozialgeschichte |k Spezielle Sozialgeschichte |k Einzelne Stände und Gesellschaftsgruppen |k Frauen |0 (DE-627)1270766740 |0 (DE-625)rvk/132305: |0 (DE-576)200766740 |
| 936 | r | v | |a MS 2850 |b Geschlechterrolle und Sexualverhalten |k Soziologie |k Spezielle Soziologien |k Soziologische Geschlechterforschung (Gender Studies) |k Geschlechterrolle und Sexualverhalten |0 (DE-627)1271156059 |0 (DE-625)rvk/123647: |0 (DE-576)201156059 |
| 936 | r | v | |0 (DE-625)rvk17661 |
| 936 | r | v | |a MS 2900 |b Verhältnis der Geschlechter, Allgemeines und Verschiedenes |k Soziologie |k Spezielle Soziologien |k Soziologische Geschlechterforschung (Gender Studies) |k Verhältnis der Geschlechter, Allgemeines und Verschiedenes |0 (DE-627)1270706764 |0 (DE-625)rvk/123650: |0 (DE-576)200706764 |
| 936 | b | k | |a 73.44 |j Sexualität |j Geschlecht |x Ethnologie |0 (DE-627)106411195 |
| 936 | b | k | |a 77.85 |j Sexualpsychologie |0 (DE-627)10641643X |
| 936 | s | n | |a m200 |2 mzub |
| 936 | s | n | |a c200 |2 mzub |
| 936 | s | n | |a c100 |2 mzub |
| 936 | s | n | |a n100 |2 mzub |
| 951 | |a BO | ||
| ELC | |b 1 | ||
| LOK | |0 000 xxxxxcx a22 zn 4500 | ||
| LOK | |0 001 3190632677 | ||
| LOK | |0 003 DE-627 | ||
| LOK | |0 004 015330745 | ||
| LOK | |0 005 20140926084725 | ||
| LOK | |0 008 930617||||||||||||||||ger||||||| | ||
| LOK | |0 040 |a DE-21-110 |c DE-627 |d DE-21-110 | ||
| LOK | |0 689 |a s |a Sinnlichkeit | ||
| LOK | |0 852 |a DE-21-110 | ||
| LOK | |0 852 1 |c E I 38 |m p |9 00 | ||
| LOK | |0 935 |a k110 | ||
| LOK | |0 936ln |a 9.5.1 | ||
| LOK | |0 938 |k p | ||
| LOK | |0 939 |a 17-06-93 |b l01 | ||
| ORI | |a SA-MARC-krimdoka001.raw | ||
| SIG | |a IFK: E I 38 | ||
